Stratégia obchodného partnerstva v komercionalizácii produktov VEGA 5052

Gespeichert in:
Bibliographische Detailangaben
Körperschaft: Obchodná fakulta EU. Katedra marketingu
Weitere Verfasser: Štensová, Antónia, Richterová, Kornélia
Format: Buch
Sprache:Slowakisch
Veröffentlicht: Bratislava Vydavateľstvo EKONÓM 2001
Schlagworte:
Tags: Tag hinzufügen
Keine Tags, Fügen Sie das erste Tag hinzu!

MARC

LEADER 00000nam$a2200000$$$4500
001 0024650
005 20231019103418.8
020 |a 80-225-1514-0 
041 0 |a slo 
044 |a SK 
245 1 0 |a Stratégia obchodného partnerstva v komercionalizácii produktov  |b VEGA 5052  |c zostavil: Antónia Štensová, Kornélia Richterová 
264 1 |a Bratislava  |b Vydavateľstvo EKONÓM  |c 2001 
300 |a 81 s. 
610 2 0 |a partneri obchodní 
610 2 0 |a vzťahy obchodné 
610 2 0 |a kooperácia 
610 2 0 |a zmluvy obchodné 
610 2 0 |a výrobky 
610 2 0 |a trh 
610 2 0 |a kvalita výrobkov 
610 2 0 |a hospodárstvo odpadové 
610 2 0 |a právo obchodné 
610 2 0 |a právo komunitárne 
700 1 |a Štensová, Antónia 
700 1 |a Richterová, Kornélia 
710 2 |a Obchodná fakulta EU. Katedra marketingu